000 00817nam a2200193 i 4500
001 182444
003 ES-MaACL
005 20240326160432.0
008 130814s1987 sp |||| | spa d
100 1 _aMas Hesse, Margarita.
_9153261
245 1 3 _aLa práctica del poder moderador durante el reinado de Amadeo I de Saboya /
_cpor Margarita Mas Hesse y Rafael Troncoso Ramón.
260 _aMadrid :
_bCentro de Estudios Constitucionales,
_c1987.
300 _aP. 237-271 ;
_c24 cm.
595 _aSeparata del nº 35 de la Revista de Estudios Políticos (nueva época), enero-marzo 1987.
651 4 _aEspaña-
_xHistoria-
_y1870-1873, Amadeo I
_98261
700 1 _aTroncoso Ramón, Rafael.
_9153262
852 _aES-MaACL
_j2325-F-6
_z.- Dedicatoria manuscrita de los autores
999 _c182444
_d182444